000 00450nam a22001337a 4500
999 _c534459
_d534459
020 _qHard Cover.
082 _a620.11
100 _aShakir,Fayzan, Hafiz M.
245 _aEffect of Graphene platelets in PVC/PANI polymer Blends for EMI shielding Behavior /
_cHafiz M. Fayzan Shakir.
260 _aIslamabad :
_bSCME - NUST,
_c2017.
300 _aii, 57 p. : ill. ;
_c30cm.
942 _2ddc
_cTHE